| 000 | 00484nam a2200193Ia 4500 | ||
|---|---|---|---|
| 003 | OSt | ||
| 005 | 20241109104118.0 | ||
| 008 | 210210b1998 xxu||||| |||| 00| 0 eng d | ||
| 040 | _cAL | ||
| 041 | _aeng | ||
| 082 | _a366 MASS | ||
| 100 |
_aMASCURENUS (John) Ed _9182986 |
||
| 245 | _aSKAN: South Kanara association London | ||
| 260 |
_aLondon _b- _c1998 |
||
| 650 |
_aSouth Kanara /South Canara _9184760 |
||
| 690 |
_aAssociations _9182987 |
||
| 906 | _aD03202 | ||
| 942 |
_2ddc _cBK |
||
| 999 |
_c117958 _d117958 |
||